| 000 | nam a22 7a 4500 | ||
|---|---|---|---|
| 999 |
_c40612 _d40612 |
||
| 005 | 20171117144321.0 | ||
| 008 | 171117b xxu||||| |||| 00| 0 eng d | ||
| 020 | _a978-987-601-091-7 | ||
| 040 | _aANE | ||
| 041 | _aEs | ||
| 084 | _aVIRTUAL-003703 | ||
| 100 | _aMata, María Cristina | ||
| 245 |
_aConstruyendo comunidades _bReflexiones actuales sobre comunicación comunitaria |
||
| 300 | _a208 p. | ||
| 650 | _aCOMUNICACIÓN COMUNITARIA | ||
| 650 | _aEDUCACIÓN COMUNITARIA Y POPULAR | ||
| 650 | _aCULTURA POPULAR | ||
| 856 | _uhttp://documentacion.asambleanacional.gob.ec/alfresco/d/d/workspace/SpacesStore/4a89b47f-17f0-423c-b685-0ff3bfdba8b7/VIRTUAL%20-%20003703.pdf | ||
| 942 |
_2ddc _cBV _zmbc |
||